| 000 | 00926cam a2200253 a 4500 | ||
|---|---|---|---|
| 005 | 20091107113722.0 | ||
| 008 | 000504s2000 nik 000 0 eng d | ||
| 010 | _aENG-95371 | ||
| 020 |
_a9788131306185 _c695.00 |
||
| 035 | _aEN-78904 | ||
| 037 | _bDBAD/PUB | ||
| 040 | _aDPL | ||
| 082 | _a370.15 | ||
| 100 | _aMishra, R. C. | ||
| 245 |
_aAdvanced educational psychology / _cby R.C.Mishra |
||
| 260 |
_aNew Delhi _bA.P.H. Publishing Corporation _c2009 |
||
| 270 |
_a4435-36/7, Ansari Road , _bNew Delhi _e110002 |
||
| 300 |
_aviii, 279p. _c22 cm.(Hb) |
||
| 500 | _aIncludes bibliographical references | ||
| 942 |
_2ddc _cEN _mMIS _h370.15 |
||
| 999 |
_c31507 _d31507 |
||